Online Catalogue and eLibrary

Domestic politics and developmacy : (Record no. 5388)

MARC details
000 -LEADER
fixed length control field 00503nam a2200181Ia 4500
005 - DATE AND TIME OF LATEST TRANSACTION
control field 20240603003743.0
008 - FIXED-LENGTH DATA ELEMENTS--GENERAL INFORMATION
fixed length control field 240331s9999 xx 000 0 und d
020 ## - INTERNATIONAL STANDARD BOOK NUMBER
ISBN 9789551927004342
082 ## - DDC Classification
Item Number - Author Mark KOD
Class No. 342
100 ## - MAIN ENTRY--PERSONAL NAME
Personal name Kodikara,S.U
245 #0 - TITLE STATEMENT
Title Domestic politics and developmacy :
Remainder of title a study of linkage politics in Indo Sri Lanka relation
Statement of responsibility, etc. Shelton. U.Kodikara
250 ## - EDITION STATEMENT
Edition statement 1 st
260 ## - PUBLICATION, DISTRIBUTION, ETC.
Place of publication, distribution, etc. Colombo
Name of publisher, distributor, etc. BMICH
Date of publication, distribution, etc. 2008
300 ## - PHYSICAL DESCRIPTION
Extent (e.g. Volumes, Pages etc.) 258 P.,
650 ## - SUBJECT ADDED ENTRY--TOPICAL TERM
Topical term or geographic name entry element Domestic
650 ## - SUBJECT ADDED ENTRY--TOPICAL TERM
Topical term or geographic name entry element Political
942 ## - Koha item type (Biblio)
Koha item type Books in Stacks (Lending)
Holdings
Lost status Damaged status Collection code Home library Current library Shelving location Date acquired Full call number Accession Number Item type
    Lending WERC Library WERC Library Social Science Cupboard 03/31/2024 342 KOD 6616 Books in Stacks (Lending)

© WERC Library